Normal view
MARC view
Entry Topical Term
001 - CONTROL NUMBER
- control field: 91113
003 - CONTROL NUMBER IDENTIFIER
- control field: BDCtgAUW
005 - DATE AND TIME OF LATEST TRANSACTION
- control field: 20260303092023.0
008 - FIXED-LENGTH DATA ELEMENTS
- fixed length control field: 260303|| aca||aabn | a|a d
040 ## - CATALOGING SOURCE
- Original cataloging agency: BDCtgAUW
- Transcribing agency: BDCtgAUW
150 ## - HEADING--TOPICAL TERM
- Topical term or geographic name entry element: Germany
- General subdivision: History
- Chronological subdivision: 1945-1955
670 ## - SOURCE DATA FOUND
- Source citation: Work cat.: (BDCtgAUW)80: Grass, G nter. 2367, The tin drum., 1961.